| 000 | 00568nam a22001937a 4500 | ||
|---|---|---|---|
| 003 | OSt | ||
| 005 | 20240619093150.0 | ||
| 008 | 240619b |||||||| |||| 00| 0 eng d | ||
| 020 | _a0521337097 | ||
| 040 | _cmust | ||
| 082 | _a530.11 EDD 1920 | ||
| 100 |
_aEddington,Arthur _917477 |
||
| 245 |
_aSpace, time and gravitation: _bAn outline of the general relativity theory/ _cArthur Eddington. |
||
| 260 |
_aNew york: _bCambridge science classic; _cc1920. |
||
| 300 |
_axii,218p.: _bill; _c21cm. |
||
| 504 | _aIncludes index | ||
| 600 | _2Physics | ||
| 942 |
_2ddc _cO_SHELF |
||
| 999 |
_c8628 _d8628 |
||